000 00393nam a2200169Ia 4500
001 9404
003 IN-NITTTR
005 20251114233047.0
008 251113s9999||||xx |||||||||||||| ||eng||
040 _beng
040 _cIN-NITTTR
041 _aeng
082 _a681 D281H
245 0 _aHandbook of precision engineering /
_cDavidson, A., ed.
700 _aDavidson, A.
942 _2ddc
_cBK
999 _c12041
_d12041